000 00500nam a22001697a 4500
999 _c8306
_d8306
008 201112b ||||| |||| 00| 0 eng d
040 _aBMS College of Architecture
100 _aAmarnath, Alankrita
245 _aUn-Divided
300 _a49p.
500 _a1BM15AT008
502 _8B,Arch
_NBMS College of Architecture, Visvesvaraya Technological University (VTU)
_aProject report
_d2019
650 _aNA
700 _aShantesh Kelvekar
_eGuide
700 _aShanu Raina
_eGuide
942 _2ddc
_cTHE